|
|
|
|
| LEADER |
00000nab a2200000ua 4500 |
| 001 |
vtls010853079 |
| 003 |
SK-MaSNL |
| 005 |
20260303134901.0 |
| 008 |
230218s1993 xo |||||||||||||||||slo| |
| 035 |
|
|
|a (urnnbn)urn:nbn:sk:snk:ar-a07ero
|
| 035 |
|
|
|a urn:nbn:sk:snk-ab6cxt
|
| 035 |
|
|
|a (uuid)47e1a589-2b7f-4cd4-819c-58b0fb047a1f
|
| 040 |
|
|
|a SNKBUCL
|b slo
|c SNKBUCL
|e AACR2
|
| 041 |
0 |
|
|a slo
|
| 044 |
|
|
|a xo
|c SK
|
| 100 |
1 |
|
|a Contrerasová, Hana,
|d 1945-
|4 aut
|9 89456
|
| 245 |
1 |
0 |
|a Prekladáte odbornú literatúru?
|c Hana Contrerasová
|
| 773 |
0 |
|
|t Fórum vedy : nezávislý časopis vedeckej obce
|g Roč. 4, č. 5-6 (1993), s. 12
|
| 954 |
|
|
|a odborná, vedecká literatúra pôvodná (slovenská)
|2 lita
|
| 958 |
|
|
|a OND
|
| 958 |
|
|
|a EUIPO
|
| 958 |
|
|
|a article5
|
| 999 |
|
|
|c 1962367
|d 1964297
|